000 00466nam a22001457a 4500
008 190620b xxu||||| |||| 00| 0 eng d
020 _a0451524063
050 _aPT 8854
_b.Ib14 1992 vol.1
100 _aHenrik Ibsen
245 _aIbsen:
_bfour major plays volume I/
_cHenrik Ibsen
260 _aNew York:
_bSignet Classic
_c1992
300 _axxxviii, 384 p. : 170 cm.
440 _aA doll house, The wild duck, Hedda gabler, The Master Builder
942 _2lcc
_cBK
999 _c361926
_d361926